000 00315nam a2200133Ia 4500
005 20251222155058.0
008 251222s9999||||xx |||||||||||||| ||spa||
082 _aDIC.15.2
100 _aDavid Ortesa Cavero
245 0 _aDiccionario Portugués español
250 _a10ma. ed.
264 _bSopena
942 _cLIB
999 _c37560
_d37560